<?xml version="1.0" encoding="UTF-8"?>
<record
    xmlns:xsi="http://www.w3.org/2001/XMLSchema-instance"
    xsi:schemaLocation="http://www.loc.gov/MARC21/slim http://www.loc.gov/standards/marcxml/schema/MARC21slim.xsd"
    xmlns="http://www.loc.gov/MARC21/slim">

  <leader>00328nam a22000977a 4500</leader>
  <controlfield tag="008">240703b        |||||||| |||| 00| 0 eng d</controlfield>
  <datafield tag="040" ind1=" " ind2=" ">
    <subfield code="a">National Science Library</subfield>
    <subfield code="c">National Science Library</subfield>
  </datafield>
  <datafield tag="245" ind1=" " ind2=" ">
    <subfield code="a">Cresterea colectiilor caiet selective de informare</subfield>
  </datafield>
  <datafield tag="260" ind1=" " ind2=" ">
    <subfield code="a">Romania: </subfield>
    <subfield code="b">Editura Academiei Republicii Socialiste</subfield>
  </datafield>
  <datafield tag="942" ind1=" " ind2=" ">
    <subfield code="c">CR</subfield>
  </datafield>
  <datafield tag="999" ind1=" " ind2=" ">
    <subfield code="c">63912</subfield>
    <subfield code="d">63912</subfield>
  </datafield>
  <datafield tag="952" ind1=" " ind2=" ">
    <subfield code="0">0</subfield>
    <subfield code="1">0</subfield>
    <subfield code="3">1972, NOS. 39-42</subfield>
    <subfield code="4">0</subfield>
    <subfield code="7">0</subfield>
    <subfield code="9">173273</subfield>
    <subfield code="a">NSL</subfield>
    <subfield code="b">NSL</subfield>
    <subfield code="c">SF/Rk-10/C-1/R-1</subfield>
    <subfield code="d">1975-05-26</subfield>
    <subfield code="l">0</subfield>
    <subfield code="p">74351</subfield>
    <subfield code="r">2024-07-03 00:00:00</subfield>
    <subfield code="w">1975-05-26</subfield>
    <subfield code="y">CR</subfield>
  </datafield>
  <datafield tag="952" ind1=" " ind2=" ">
    <subfield code="0">0</subfield>
    <subfield code="1">0</subfield>
    <subfield code="3">1973, NOS. 43-46</subfield>
    <subfield code="4">0</subfield>
    <subfield code="7">0</subfield>
    <subfield code="9">173274</subfield>
    <subfield code="a">NSL</subfield>
    <subfield code="b">NSL</subfield>
    <subfield code="c">SF/Rk-10/C-1/R-1</subfield>
    <subfield code="d">1979-01-20</subfield>
    <subfield code="l">0</subfield>
    <subfield code="p">93262</subfield>
    <subfield code="r">2024-07-03 00:00:00</subfield>
    <subfield code="w">1979-01-20</subfield>
    <subfield code="y">CR</subfield>
  </datafield>
  <datafield tag="952" ind1=" " ind2=" ">
    <subfield code="0">0</subfield>
    <subfield code="1">0</subfield>
    <subfield code="3">1971, NOS. 35-38</subfield>
    <subfield code="4">0</subfield>
    <subfield code="7">0</subfield>
    <subfield code="9">173275</subfield>
    <subfield code="a">NSL</subfield>
    <subfield code="b">NSL</subfield>
    <subfield code="c">SF/Rk-10/C-1/R-1</subfield>
    <subfield code="d">1975-05-26</subfield>
    <subfield code="l">0</subfield>
    <subfield code="p">74350</subfield>
    <subfield code="r">2024-07-03 00:00:00</subfield>
    <subfield code="w">1975-05-26</subfield>
    <subfield code="y">CR</subfield>
  </datafield>
  <datafield tag="952" ind1=" " ind2=" ">
    <subfield code="0">0</subfield>
    <subfield code="1">0</subfield>
    <subfield code="3">1968, NOS. 23-26 &amp; Supp. 23-24 (Biblioteca Acad. Rep. Soc.)</subfield>
    <subfield code="4">0</subfield>
    <subfield code="7">0</subfield>
    <subfield code="9">173276</subfield>
    <subfield code="a">NSL</subfield>
    <subfield code="b">NSL</subfield>
    <subfield code="c">SF/Rk-10/C-1/R-1</subfield>
    <subfield code="d">1973-06-11</subfield>
    <subfield code="l">0</subfield>
    <subfield code="p">47581</subfield>
    <subfield code="r">2024-07-03 00:00:00</subfield>
    <subfield code="w">1973-06-11</subfield>
    <subfield code="y">CR</subfield>
  </datafield>
  <datafield tag="952" ind1=" " ind2=" ">
    <subfield code="0">0</subfield>
    <subfield code="1">0</subfield>
    <subfield code="3">1967, July-Dec (Biblioteca Acad. Rep. Soc.)</subfield>
    <subfield code="4">0</subfield>
    <subfield code="7">0</subfield>
    <subfield code="9">173277</subfield>
    <subfield code="a">NSL</subfield>
    <subfield code="b">NSL</subfield>
    <subfield code="c">SF/Rk-10/C-1/R-1</subfield>
    <subfield code="d">1972-09-05</subfield>
    <subfield code="l">0</subfield>
    <subfield code="p">46617</subfield>
    <subfield code="r">2024-07-03 00:00:00</subfield>
    <subfield code="w">1972-09-05</subfield>
    <subfield code="y">CR</subfield>
  </datafield>
  <datafield tag="952" ind1=" " ind2=" ">
    <subfield code="0">0</subfield>
    <subfield code="1">0</subfield>
    <subfield code="3">Nos. 27-30, 1969</subfield>
    <subfield code="4">0</subfield>
    <subfield code="7">0</subfield>
    <subfield code="9">177255</subfield>
    <subfield code="a">NSL</subfield>
    <subfield code="b">NSL</subfield>
    <subfield code="c">SF/Rk-10/C-1/R-7</subfield>
    <subfield code="d">1972-09-05</subfield>
    <subfield code="l">0</subfield>
    <subfield code="p">48121</subfield>
    <subfield code="r">2024-07-03 00:00:00</subfield>
    <subfield code="w">1972-09-05</subfield>
    <subfield code="y">CR</subfield>
  </datafield>
  <datafield tag="952" ind1=" " ind2=" ">
    <subfield code="0">0</subfield>
    <subfield code="1">0</subfield>
    <subfield code="3">Nos. 47-50, 1974</subfield>
    <subfield code="4">0</subfield>
    <subfield code="7">0</subfield>
    <subfield code="9">177256</subfield>
    <subfield code="a">NSL</subfield>
    <subfield code="b">NSL</subfield>
    <subfield code="c">SF/Rk-10/C-1/R-7</subfield>
    <subfield code="d">1972-09-05</subfield>
    <subfield code="l">0</subfield>
    <subfield code="p">93263</subfield>
    <subfield code="r">2024-07-03 00:00:00</subfield>
    <subfield code="w">1972-09-05</subfield>
    <subfield code="y">CR</subfield>
  </datafield>
  <datafield tag="952" ind1=" " ind2=" ">
    <subfield code="0">0</subfield>
    <subfield code="1">0</subfield>
    <subfield code="3">1967</subfield>
    <subfield code="4">0</subfield>
    <subfield code="7">0</subfield>
    <subfield code="9">177257</subfield>
    <subfield code="a">NSL</subfield>
    <subfield code="b">NSL</subfield>
    <subfield code="c">SF/Rk-10/C-1/R-7</subfield>
    <subfield code="d">1972-09-05</subfield>
    <subfield code="l">0</subfield>
    <subfield code="p">33273</subfield>
    <subfield code="r">2024-07-03 00:00:00</subfield>
    <subfield code="w">1972-09-05</subfield>
    <subfield code="y">CR</subfield>
  </datafield>
  <datafield tag="952" ind1=" " ind2=" ">
    <subfield code="0">0</subfield>
    <subfield code="1">0</subfield>
    <subfield code="3">1966</subfield>
    <subfield code="4">0</subfield>
    <subfield code="7">0</subfield>
    <subfield code="9">177292</subfield>
    <subfield code="a">NSL</subfield>
    <subfield code="b">NSL</subfield>
    <subfield code="c">SF/Rk-10/C-1/R-7</subfield>
    <subfield code="d">1973-09-27</subfield>
    <subfield code="l">0</subfield>
    <subfield code="p">49033</subfield>
    <subfield code="r">2024-07-19 00:00:00</subfield>
    <subfield code="w">1973-09-27</subfield>
    <subfield code="y">CR</subfield>
  </datafield>
  <datafield tag="952" ind1=" " ind2=" ">
    <subfield code="0">0</subfield>
    <subfield code="1">0</subfield>
    <subfield code="3">1966</subfield>
    <subfield code="4">0</subfield>
    <subfield code="7">0</subfield>
    <subfield code="9">177293</subfield>
    <subfield code="a">NSL</subfield>
    <subfield code="b">NSL</subfield>
    <subfield code="c">SF/Rk-10/C-1/R-7</subfield>
    <subfield code="d">1972-09-16</subfield>
    <subfield code="l">0</subfield>
    <subfield code="p">47076</subfield>
    <subfield code="r">2024-07-19 00:00:00</subfield>
    <subfield code="w">1972-09-16</subfield>
    <subfield code="y">CR</subfield>
  </datafield>
</record>
